000 00295nam a2200109Ia 4500
008 200302s9999 xx 000 0 und d
100 _aSimon Unwin
245 _aTwenty Buildings Every Architect Should Understand
260 _bRoutledge Taylor & Francis Group
260 _c2010
300 _a229 P.,
999 _c2796
_d2796